Fantasy Series by Place Names Quiz Stats

 Plays Quiz not verified by Sporcle

Support Sporcle.
Go Orange.
Score 0/13 Timer 05:00
0 Plays Today
Places Fantasy Series % Correct
Gondor, The Shire, RohanThe Lord of the Rings
89.9%
The Burrow, Durmstrang, HogsmeadeHarry Potter
87.2%
Aslan's How, Cair Paravel, LondonChronicles of Narnia
79.9%
Winterfell, King's Landing, DorneA Song of Ice and Fire
67.1%
Arrakis, Giedi Prime, Castle CaladanDune
38.9%
Andor, Illian, The White TowerWheel of Time
32.2%
Jordan College, Bolvangar, Mulefa WorldHis Dark Materials
30.9%
Confessor's Palace, Temple of the Winds, D'HaraSword of Truth
26.2%
Midkemia, Kelewan, StardockThe Riftwar Saga
22.8%
Cori Celesti, The Rim, FourecksDiscworld
19.5%
Moonseye, Buckeep, Mountain KingdomFarseer
14.8%
Shady Vale, Skull Kingdom, TyrsisShannara Trilogy
14.1%
Barony of Cressia, Gilead, Topeka KansasThe Dark Tower
13.4%

You're not logged in!

Compare scores with friends on all Sporcle quizzes.
OR
Log In

From the Vault

Chemistry Jokes

by Probo11

The best jokes rely on the element of surprise.
Remove Ads.
Support Sporcle.
Get the best of Sporcle when you Go Orange. This ad-free experience offers more features, more stats, and more fun while also helping to support Sporcle. Thank you for becoming a member.

Show Comments

Extras

Top Quizzes Today


Score Distribution

Your Account Isn't Verified!

In order to create a playlist on Sporcle, you need to verify the email address you used during registration. Go to your Sporcle Settings to finish the process.

Report this User

Report this user for behavior that violates our Community Guidelines.

Details: